|
|
|
|
| LEADER |
00935nam a22002417a 4500 |
| 001 |
37585 |
| 003 |
BD-DhAAL |
| 008 |
211212t2020 bg ||||| b||| 00| 0 eng d |
| 999 |
|
|
|c 43350
|d 43350
|
| 020 |
|
|
|a 9789849513223
|
| 040 |
|
|
|a BD-DhAAL
|
| 082 |
|
|
|a 155.9
|2 23
|
| 100 |
|
|
|a Begum, Hamida Akhtar
|9 43553
|
| 245 |
|
|
|a Introduction to environmental psychology /
|c Hamida Akhtar Begum
|
| 260 |
|
|
|a Dhaka :
|b Banglaprokash,
|c c2020
|
| 300 |
|
|
|a xii, 192 pages ;
|c 22 cm.
|
| 504 |
|
|
|a Includes bibliographical references (pages 183-184).
|
| 541 |
|
|
|a Complimentary copy from Hamida Akhtar Begum
|e 37585
|
| 650 |
|
|
|a Environmental psychology.
|9 43554
|
| 650 |
|
|
|a Psychology.
|9 43555
|
| 852 |
|
|
|a Ayesha Abed Library
|c General Stacks
|
| 942 |
|
|
|2 ddc
|c BK
|
| 952 |
|
|
|0 0
|1 0
|2 ddc
|4 0
|6 155_900000000000000_BEG
|7 0
|9 69544
|a BRACUL
|b BRACUL
|c GEN
|d 2021-12-12
|e Complimentary copy from Hamida Akhtar Begum
|l 0
|o 155.9 BEG
|p 3010037585
|r 2021-12-12
|t 1
|w 2021-12-12
|y BK
|